000 00716nam a22002297a 4500
999 _c10744
_d10744
003 AR-CdUCM
008 190401b ||||| |||| 00| 0 spa d
040 _aMUNICIPALIDAD PROVINCIAL DEL CUSCO
_cBIBLIOTECA MUNICIPAL DEL CUSCO
041 _hfre
082 _aES / 800 /
_bV52
_23ed.
100 _aVerne, Julio
_910153
245 _aViaje al Centro de la Tierra /
260 _aBarcelona :
_bBruguera S. A. ;
_c1958.
300 _a254 páginas ;
_bIlustraciones
_c20cm
440 _aColección Historias
_927112
505 _aContenido: Novela
650 _aNovela
_9572
650 _aLiteratura juvenil
_91580
700 _aVidal Sales, J. A. (adaptación)
_927750
942 _2ddc
_cLIBROS
945 _anom